Corso di diritto costituzionale /

Guardat en:
Dades bibliogràfiques
Autor principal: Barbera, Augusto
Altres autors: Fusaro, Carlo
Format: Llibre
Idioma:italià
Publicat: Bologna : il Mulino, 2014
Edició:2. ed
Col·lecció:Manuali. Diritto
Matèries:
Etiquetes: Afegir etiqueta
Sense etiquetes, Sigues el primer a etiquetar aquest registre!

MARC

LEADER 00000nam a22000007i 4500
001 IT\ICCU\UBO\4101361
003 ItRI
005 20240807142631.0
008 141009s2014 it |||||| ||||| |||||c
020 |a 9788815252180 
040 |b ita  |c CDM 
041 7 |a ita  |2 ISO-639-2 
100 1 |a Barbera, Augusto  |0 IT\ICCU\CFIV\020487 
240 1 0 |a Corso di diritto costituzionale  |9 Barbera, Augusto 
245 1 0 |a Corso di diritto costituzionale /  |c Augusto Barbera, Carlo Fusaro. 
250 |a 2. ed 
260 |a Bologna :  |b il Mulino,  |c 2014 
300 |a 579, XL p. ;  |c 24 cm 
500 |a In appendice : Testo della Costituzione italiana 
500 |a In copertina : edizione digitale su Pandora Campus. 
650 7 |a Diritto costituzionale 
700 1 |a Fusaro, Carlo  |0 IT\ICCU\CFIV\033871 
830 0 |a Manuali. Diritto  |0 IT\ICCU\UFI\0374151 
942 |2 ddc  |c BK 
952 |0 0  |1 0  |2 ddc  |4 0  |6 342_450000000000000_BAR_COR  |7 1  |9 1796  |a RA  |b RA  |d 2024-08-07  |l 0  |o 342.45 BAR COR  |p 9393  |r 2024-08-07 16:08:49  |w 2024-08-07  |y BK 
981 1 |6 z01  |a i   |b xxxe  
982 1 |6 z01  |a n 
999 |c 1609  |d 1609